<?xml version="1.0" encoding="UTF-8"?>
<record
    xmlns:xsi="http://www.w3.org/2001/XMLSchema-instance"
    xsi:schemaLocation="http://www.loc.gov/MARC21/slim http://www.loc.gov/standards/marcxml/schema/MARC21slim.xsd"
    xmlns="http://www.loc.gov/MARC21/slim">

  <leader>02035nam a22003257a 4500</leader>
  <datafield tag="952" ind1=" " ind2=" ">
    <subfield code="0">0</subfield>
    <subfield code="1">0</subfield>
    <subfield code="4">0</subfield>
    <subfield code="7">0</subfield>
    <subfield code="a">12</subfield>
    <subfield code="b">12</subfield>
    <subfield code="d">2018-09-14</subfield>
    <subfield code="l">2</subfield>
    <subfield code="o">HB171.5 P3718 2013</subfield>
    <subfield code="p">12 004603</subfield>
    <subfield code="r">2019-03-09</subfield>
    <subfield code="s">2019-03-09</subfield>
    <subfield code="t">1</subfield>
    <subfield code="w">2018-09-14</subfield>
    <subfield code="y">LB</subfield>
  </datafield>
  <datafield tag="952" ind1=" " ind2=" ">
    <subfield code="0">0</subfield>
    <subfield code="1">0</subfield>
    <subfield code="4">0</subfield>
    <subfield code="7">0</subfield>
    <subfield code="a">22</subfield>
    <subfield code="b">22</subfield>
    <subfield code="d">2019-01-21</subfield>
    <subfield code="l">0</subfield>
    <subfield code="o">HB171.5 P37 2013</subfield>
    <subfield code="p">24 000973</subfield>
    <subfield code="r">2019-01-21</subfield>
    <subfield code="t">1</subfield>
    <subfield code="w">2019-01-21</subfield>
    <subfield code="y">LB</subfield>
  </datafield>
  <datafield tag="952" ind1=" " ind2=" ">
    <subfield code="0">0</subfield>
    <subfield code="1">0</subfield>
    <subfield code="2">lcc</subfield>
    <subfield code="4">0</subfield>
    <subfield code="7">0</subfield>
    <subfield code="a">12</subfield>
    <subfield code="b">12</subfield>
    <subfield code="d">2019-01-21</subfield>
    <subfield code="l">1</subfield>
    <subfield code="o">HB171.5 P37 2013</subfield>
    <subfield code="p">24 000974</subfield>
    <subfield code="r">2023-01-31</subfield>
    <subfield code="s">2020-01-28</subfield>
    <subfield code="t">2</subfield>
    <subfield code="w">2019-01-21</subfield>
    <subfield code="y">LB</subfield>
  </datafield>
  <datafield tag="952" ind1=" " ind2=" ">
    <subfield code="0">0</subfield>
    <subfield code="1">0</subfield>
    <subfield code="2">lcc</subfield>
    <subfield code="4">0</subfield>
    <subfield code="7">0</subfield>
    <subfield code="a">12</subfield>
    <subfield code="b">12</subfield>
    <subfield code="d">2019-01-21</subfield>
    <subfield code="l">1</subfield>
    <subfield code="o">HB171.5 P37 2013</subfield>
    <subfield code="p">24 000975</subfield>
    <subfield code="r">2023-01-31</subfield>
    <subfield code="s">2019-08-29</subfield>
    <subfield code="t">3</subfield>
    <subfield code="w">2019-01-21</subfield>
    <subfield code="y">LB</subfield>
  </datafield>
  <datafield tag="952" ind1=" " ind2=" ">
    <subfield code="0">0</subfield>
    <subfield code="1">0</subfield>
    <subfield code="2">lcc</subfield>
    <subfield code="4">0</subfield>
    <subfield code="7">0</subfield>
    <subfield code="a">12</subfield>
    <subfield code="b">12</subfield>
    <subfield code="d">2019-01-21</subfield>
    <subfield code="l">0</subfield>
    <subfield code="o">HB171.5 P37 2013</subfield>
    <subfield code="p">24 000976</subfield>
    <subfield code="r">2023-01-31</subfield>
    <subfield code="t">4</subfield>
    <subfield code="w">2019-01-21</subfield>
    <subfield code="y">LB</subfield>
  </datafield>
  <datafield tag="952" ind1=" " ind2=" ">
    <subfield code="0">0</subfield>
    <subfield code="1">0</subfield>
    <subfield code="2">lcc</subfield>
    <subfield code="4">0</subfield>
    <subfield code="7">0</subfield>
    <subfield code="a">01</subfield>
    <subfield code="b">01</subfield>
    <subfield code="d">2019-01-23</subfield>
    <subfield code="l">0</subfield>
    <subfield code="o">HB171.5 P3718 2013</subfield>
    <subfield code="p">24 000986</subfield>
    <subfield code="r">2023-01-20</subfield>
    <subfield code="t">5</subfield>
    <subfield code="w">2019-01-23</subfield>
    <subfield code="y">LB</subfield>
  </datafield>
  <datafield tag="952" ind1=" " ind2=" ">
    <subfield code="0">0</subfield>
    <subfield code="1">0</subfield>
    <subfield code="2">lcc</subfield>
    <subfield code="4">0</subfield>
    <subfield code="7">0</subfield>
    <subfield code="a">01</subfield>
    <subfield code="b">01</subfield>
    <subfield code="d">2019-01-23</subfield>
    <subfield code="l">0</subfield>
    <subfield code="o">HB171.5 P3718 2013</subfield>
    <subfield code="p">24 000987</subfield>
    <subfield code="r">2023-01-20</subfield>
    <subfield code="t">6</subfield>
    <subfield code="w">2019-01-23</subfield>
    <subfield code="y">LB</subfield>
  </datafield>
  <datafield tag="952" ind1=" " ind2=" ">
    <subfield code="0">0</subfield>
    <subfield code="1">0</subfield>
    <subfield code="4">0</subfield>
    <subfield code="7">0</subfield>
    <subfield code="a">23</subfield>
    <subfield code="b">23</subfield>
    <subfield code="d">2019-07-10</subfield>
    <subfield code="l">0</subfield>
    <subfield code="o">HB171.5 P37518</subfield>
    <subfield code="p">23 003226</subfield>
    <subfield code="r">2019-07-10</subfield>
    <subfield code="t">1</subfield>
    <subfield code="w">2019-07-10</subfield>
    <subfield code="y">LB</subfield>
  </datafield>
  <datafield tag="952" ind1=" " ind2=" ">
    <subfield code="0">0</subfield>
    <subfield code="1">0</subfield>
    <subfield code="4">0</subfield>
    <subfield code="7">0</subfield>
    <subfield code="a">23</subfield>
    <subfield code="b">23</subfield>
    <subfield code="d">2019-07-10</subfield>
    <subfield code="l">0</subfield>
    <subfield code="o">HB171.5 P37518</subfield>
    <subfield code="p">23 003227</subfield>
    <subfield code="r">2019-07-10</subfield>
    <subfield code="t">2</subfield>
    <subfield code="w">2019-07-10</subfield>
    <subfield code="y">LB</subfield>
  </datafield>
  <datafield tag="952" ind1=" " ind2=" ">
    <subfield code="0">0</subfield>
    <subfield code="1">0</subfield>
    <subfield code="4">0</subfield>
    <subfield code="7">0</subfield>
    <subfield code="a">23</subfield>
    <subfield code="b">23</subfield>
    <subfield code="d">2019-07-10</subfield>
    <subfield code="l">1</subfield>
    <subfield code="o">HB171.5 P37518</subfield>
    <subfield code="p">23 003228</subfield>
    <subfield code="r">2019-07-25</subfield>
    <subfield code="s">2019-07-24</subfield>
    <subfield code="t">3</subfield>
    <subfield code="w">2019-07-10</subfield>
    <subfield code="y">LB</subfield>
  </datafield>
  <datafield tag="952" ind1=" " ind2=" ">
    <subfield code="0">0</subfield>
    <subfield code="1">0</subfield>
    <subfield code="4">0</subfield>
    <subfield code="7">0</subfield>
    <subfield code="a">23</subfield>
    <subfield code="b">23</subfield>
    <subfield code="d">2019-07-10</subfield>
    <subfield code="l">0</subfield>
    <subfield code="o">HB171.5 P37518</subfield>
    <subfield code="p">23 003229</subfield>
    <subfield code="r">2019-07-10</subfield>
    <subfield code="t">4</subfield>
    <subfield code="w">2019-07-10</subfield>
    <subfield code="y">LB</subfield>
  </datafield>
  <datafield tag="952" ind1=" " ind2=" ">
    <subfield code="0">0</subfield>
    <subfield code="1">0</subfield>
    <subfield code="4">0</subfield>
    <subfield code="7">0</subfield>
    <subfield code="a">23</subfield>
    <subfield code="b">23</subfield>
    <subfield code="d">2019-07-10</subfield>
    <subfield code="l">0</subfield>
    <subfield code="o">HB171.5 P37518</subfield>
    <subfield code="p">23 003230</subfield>
    <subfield code="r">2019-07-10</subfield>
    <subfield code="t">5</subfield>
    <subfield code="w">2019-07-10</subfield>
    <subfield code="y">LB</subfield>
  </datafield>
  <datafield tag="952" ind1=" " ind2=" ">
    <subfield code="0">0</subfield>
    <subfield code="1">0</subfield>
    <subfield code="4">0</subfield>
    <subfield code="7">0</subfield>
    <subfield code="a">23</subfield>
    <subfield code="b">23</subfield>
    <subfield code="d">2019-07-10</subfield>
    <subfield code="l">0</subfield>
    <subfield code="o">HB171.5 P37518</subfield>
    <subfield code="p">23 003231</subfield>
    <subfield code="r">2019-07-10</subfield>
    <subfield code="t">6</subfield>
    <subfield code="w">2019-07-10</subfield>
    <subfield code="y">LB</subfield>
  </datafield>
  <datafield tag="952" ind1=" " ind2=" ">
    <subfield code="0">0</subfield>
    <subfield code="1">0</subfield>
    <subfield code="4">0</subfield>
    <subfield code="7">0</subfield>
    <subfield code="a">23</subfield>
    <subfield code="b">23</subfield>
    <subfield code="d">2019-07-10</subfield>
    <subfield code="l">0</subfield>
    <subfield code="o">HB171.5 P37518</subfield>
    <subfield code="p">23 003232</subfield>
    <subfield code="r">2019-07-10</subfield>
    <subfield code="t">7</subfield>
    <subfield code="w">2019-07-10</subfield>
    <subfield code="y">LB</subfield>
  </datafield>
  <datafield tag="952" ind1=" " ind2=" ">
    <subfield code="0">0</subfield>
    <subfield code="1">0</subfield>
    <subfield code="4">0</subfield>
    <subfield code="7">0</subfield>
    <subfield code="a">23</subfield>
    <subfield code="b">23</subfield>
    <subfield code="d">2019-07-10</subfield>
    <subfield code="l">0</subfield>
    <subfield code="o">HB171.5 P37518</subfield>
    <subfield code="p">23 003233</subfield>
    <subfield code="r">2019-07-10</subfield>
    <subfield code="t">8</subfield>
    <subfield code="w">2019-07-10</subfield>
    <subfield code="y">LB</subfield>
  </datafield>
  <datafield tag="999" ind1=" " ind2=" ">
    <subfield code="c">103380</subfield>
    <subfield code="d">103380</subfield>
  </datafield>
  <controlfield tag="008">180914s2013    s  ||||| |||| 00| 0 spa d</controlfield>
  <datafield tag="020" ind1=" " ind2=" ">
    <subfield code="a">9788415552451</subfield>
  </datafield>
  <datafield tag="050" ind1="0" ind2="4">
    <subfield code="a">HB171.5</subfield>
    <subfield code="b">P3718 2013</subfield>
  </datafield>
  <datafield tag="100" ind1="1" ind2=" ">
    <subfield code="a">Parkin, Michael</subfield>
    <subfield code="e">autor</subfield>
  </datafield>
  <datafield tag="240" ind1="1" ind2="0">
    <subfield code="a"> Essential economics 01</subfield>
    <subfield code="l">Espa&#xF1;ol</subfield>
  </datafield>
  <datafield tag="245" ind1="1" ind2="0">
    <subfield code="a">Introducci&#xF3;n a la econom&#xED;a</subfield>
    <subfield code="c"> / Michael Parkin, Melanie Powell, Kent Matthews </subfield>
  </datafield>
  <datafield tag="260" ind1="3" ind2=" ">
    <subfield code="a">Madrid</subfield>
    <subfield code="b"> : Pearson Educaci&#xF3;n</subfield>
    <subfield code="c"> , 2013</subfield>
  </datafield>
  <datafield tag="300" ind1=" " ind2=" ">
    <subfield code="a">xx, 474 paginas</subfield>
    <subfield code="b"> : ilustraciones</subfield>
  </datafield>
  <datafield tag="490" ind1="0" ind2=" ">
    <subfield code="a">Always learning</subfield>
  </datafield>
  <datafield tag="500" ind1=" " ind2=" ">
    <subfield code="a">Incluye: &#xCD;ndice anal&#xED;tico (p. 453) </subfield>
  </datafield>
  <datafield tag="505" ind1=" " ind2=" ">
    <subfield code="a">El alcance de la econom&#xED;a
C&#xF3;mo funcionan los mercados
Las decisiones y estrategias empresariales
Controlar las condiciones empresariales
Finanzas y dinero
Actuaci&#xF3;n macroecon&#xF3;m&#xED;ca y pol&#xED;tica</subfield>
  </datafield>
  <datafield tag="519" ind1=" " ind2=" ">
    <subfield code="a">Plan Flexible /</subfield>
    <subfield code="b">Maestr&#xED;a en administraci&#xF3;n de negocios /</subfield>
    <subfield code="c">Econom&#xED;a y decisiones empresariales (P02-2)</subfield>
    <subfield code="d">(12 004603)</subfield>
  </datafield>
  <datafield tag="519" ind1=" " ind2=" ">
    <subfield code="a">Plan Flexible / 
</subfield>
    <subfield code="b">Contador P&#xFA;blico IPN/ </subfield>
    <subfield code="c">Fundamentos de Econom&#xED;a (N1-II-5) / </subfield>
    <subfield code="d">(24 000973)</subfield>
  </datafield>
  <datafield tag="519" ind1=" " ind2=" ">
    <subfield code="a">Plan Flexible / </subfield>
    <subfield code="b">Contador P&#xFA;blico IPN/ 
</subfield>
    <subfield code="c">Tributaci&#xF3;n de Personas Morales (N2-III-11) / </subfield>
    <subfield code="d">(24 000974)</subfield>
  </datafield>
  <datafield tag="519" ind1=" " ind2=" ">
    <subfield code="a">Plan Flexible / 
</subfield>
    <subfield code="b">Contador P&#xFA;blico IPN/ </subfield>
    <subfield code="c">Tributaci&#xF3;n de Personas Morales (N2-III-12) / 
</subfield>
    <subfield code="d">(24 000975)</subfield>
  </datafield>
  <datafield tag="519" ind1=" " ind2=" ">
    <subfield code="a">Plan Flexible / 
</subfield>
    <subfield code="b">Contador P&#xFA;blico IPN/ </subfield>
    <subfield code="c">Macroeconom&#xED;a (N3-V-7) / </subfield>
    <subfield code="d">(24 000976)</subfield>
  </datafield>
  <datafield tag="519" ind1=" " ind2=" ">
    <subfield code="a">Plan Flexible / 
</subfield>
    <subfield code="b">Bachillerato T&#xE9;cnico en Contadur&#xED;a IPN / </subfield>
    <subfield code="c">Microeconom&#xED;a (N5-V-7) / </subfield>
    <subfield code="d">(24 000986)</subfield>
  </datafield>
  <datafield tag="519" ind1=" " ind2=" ">
    <subfield code="a">Plan Flexible / 
</subfield>
    <subfield code="b">Bachillerato T&#xE9;cnico en Contadur&#xED;a IPN / </subfield>
    <subfield code="c">Microeconom&#xED;a (N5-V-9) / </subfield>
    <subfield code="d">(24 000986)</subfield>
  </datafield>
  <datafield tag="519" ind1=" " ind2=" ">
    <subfield code="a">Plan UNAM 7o semestre (Optativa) / </subfield>
    <subfield code="b">Enfermer&#xED;a / </subfield>
    <subfield code="c">Gesti&#xF3;n empresarial de enfermer&#xED;a (0026) / </subfield>
    <subfield code="d">(23 003326, 23 003227, 23 003228, 23 003229, 23 003230, 23 003231, 23 003232, 23 003233)</subfield>
  </datafield>
  <datafield tag="650" ind1="1" ind2="4">
    <subfield code="a">ECONOM&#xCD;A</subfield>
  </datafield>
  <datafield tag="700" ind1="1" ind2=" ">
    <subfield code="a">Powell, Melanie</subfield>
    <subfield code="e">autor</subfield>
  </datafield>
  <datafield tag="700" ind1="1" ind2=" ">
    <subfield code="a">Matthews, Kent</subfield>
    <subfield code="e">autor</subfield>
  </datafield>
  <datafield tag="942" ind1=" " ind2=" ">
    <subfield code="c">LB</subfield>
  </datafield>
</record>
